000 00314nam a22001097a 4500
082 _a355.02 CRI'B
100 _aCRISP, ROBERT
_948939
245 _aBRAZEN CHARIOTS AN ACCOUNTS OF TANK WARFARE IN THE WESTERN DESERT NOVEMBER-DECEMBER 1941
260 _aLONDON
_bFREDRICK MULLER
_c1959
300 _a228P
942 _cBK
999 _c582912
_d582912